Problemas fundamentales del ejercicio del albaceazgo

保存先:
書誌詳細
第一著者: Gómez Ysabel, Justo José (著者)
フォーマット: 図書
言語:スペイン語
出版事項: Madrid Reus 1962
主題:
タグ: タグ追加
タグなし, このレコードへの初めてのタグを付けませんか!

MARC

LEADER 00000nam a2200000 a 4500
001 UCS1166
003 CL-VaPUC
008 970509e19620000SP |||||||||||||||||spa|d
082 0 4 |a 346.05  |b GOM  |2 21 
100 0 |a Gómez Ysabel, Justo José  |e author  |9 385349 
245 1 0 |a Problemas fundamentales del ejercicio del albaceazgo 
300 |a 432 p 
942 |c BK 
945 |d 19970509 00:00:00  |a cmena 
260 |a Madrid  |b Reus  |c 1962 
650 0 |a Derecho sucesorio  |9 255015 
650 0 |a Albaceazgo  |9 385207 
650 0 |a Albaceas  |9 256324 
650 0 |a Testamento  |9 258220 
650 0 |a Herencia  |9 256325 
650 0 |a Herederos  |9 357054 
650 0 |a Derecho civil  |9 255013 
650 7 |a RESPONSABILIDAD CIVIL  |2 CL-VaPUC  |9 385350 
650 0 |a Código civil  |9 256135 
650 0 |a Derecho privado  |9 258243 
650 0 |a Derecho español  |9 255291 
651 0 |a España  |9 254926 
583 |a last modification  |c 19970509 00:00:00  |k Rodrigo Vera 
999 |c 259268  |d 259266 
952 |0 0  |1 0  |4 0  |6 346_050000000000000_GOM_1962  |7 0  |8 P  |9 283914  |a BIBDER  |b BIBDER  |d 2019-11-19  |i 1844830  |o 346.05 GOM 1962  |p 1844830  |r 2023-01-25  |w 2019-11-19  |y BK  |k DER